<?xml version="1.0" encoding="UTF-8"?>
<record
    xmlns:xsi="http://www.w3.org/2001/XMLSchema-instance"
    xsi:schemaLocation="http://www.loc.gov/MARC21/slim http://www.loc.gov/standards/marcxml/schema/MARC21slim.xsd"
    xmlns="http://www.loc.gov/MARC21/slim">

  <leader>00715nam a2200169 i 4500</leader>
  <controlfield tag="001">189342</controlfield>
  <controlfield tag="003">ES-MaACL</controlfield>
  <controlfield tag="005">20251115063324.0</controlfield>
  <controlfield tag="008">190524s1879    sp           |||| | spa d</controlfield>
  <datafield tag="100" ind1="1" ind2=" ">
    <subfield code="a">Oriol, Rom&#xE1;n, </subfield>
    <subfield code="d">1847-1898</subfield>
    <subfield code="9">87263</subfield>
  </datafield>
  <datafield tag="245" ind1="1" ind2="3">
    <subfield code="a">El puerto del Musel es el verdadero puerto de Asturias / </subfield>
    <subfield code="c">por Rom&#xE1;n Oriol.</subfield>
  </datafield>
  <datafield tag="260" ind1=" " ind2=" ">
    <subfield code="a">Oviedo : </subfield>
    <subfield code="b">[s.n.], </subfield>
    <subfield code="c">1879 (</subfield>
    <subfield code="f">Imp. Eduardo Ur&#xED;a)</subfield>
  </datafield>
  <datafield tag="300" ind1=" " ind2=" ">
    <subfield code="a">45 p. ; </subfield>
    <subfield code="c">21 cm.</subfield>
  </datafield>
  <datafield tag="651" ind1=" " ind2="4">
    <subfield code="a">Puerto de Gij&#xF3;n.</subfield>
    <subfield code="9">167117</subfield>
  </datafield>
  <datafield tag="852" ind1=" " ind2=" ">
    <subfield code="a">ES-MaACL</subfield>
    <subfield code="j">B-8926(17) </subfield>
    <subfield code="z">.- Legado de Federico de Botella y de Hornos</subfield>
    <subfield code="z">.- Encuadernado en un vol. facticio agrupado con el nombre en el lomo: Espa&#xF1;a, geolog&#xED;a, memorias y documentos varios 20 al 40</subfield>
  </datafield>
  <datafield tag="999" ind1=" " ind2=" ">
    <subfield code="c">189342</subfield>
    <subfield code="d">189342</subfield>
  </datafield>
  <datafield tag="952" ind1=" " ind2=" ">
    <subfield code="0">0</subfield>
    <subfield code="1">0</subfield>
    <subfield code="4">0</subfield>
    <subfield code="7">0</subfield>
    <subfield code="8">LIBXIX</subfield>
    <subfield code="a">ATENEOM</subfield>
    <subfield code="b">ATENEOM</subfield>
    <subfield code="c">SPB</subfield>
    <subfield code="d">2019-05-24</subfield>
    <subfield code="e">DON</subfield>
    <subfield code="l">0</subfield>
    <subfield code="o">B-8926(17)</subfield>
    <subfield code="p">1200609</subfield>
    <subfield code="r">2023-02-23 00:00:00</subfield>
    <subfield code="w">2023-02-23</subfield>
    <subfield code="y">MONANT</subfield>
  </datafield>
</record>
